Najlepsza jedenastka na Mistrzostwach Europy 2024 - Statystyki

Ogólne statystyki
  • Ten quiz został rozwiązany 159 razy
  • Średni wynik to 7 z 11
Statystyki odpowiedzi
Narodowość Piłkarz % Poprawnych
Hiszpania Lamine Yamal
93%
Hiszpania Rodri
76%
Hiszpania Nico Williams
75%
Niemcy Jamal Musiala
70%
Hiszpania Dani Olmo
68%
Hiszpania Marc Cucurella
56%
Francja Mike Maignan
56%
Anglia Kyle Walker
52%
Szwajcaria Manuel Akanji
46%
Francja William Saliba
45%
Hiszpania Fabian Ruiz
44%
Nie znaleziono quizów pasujących do podanych kryteriów
Rozkład punktacji
Procent ludzi z każdym wynikiem
Percentyl według liczby udzielonych odpowiedzi
Twoja historia wyników
Nie rozwiązałeś tego quizu